000
00213 a2200097 4500
001
11347
100
_a
Scaff, A.
245
_a
The Philippine Answer to
260
_a
_b
Stanford University
_c
090
_c
8896
_d
8896
942
_a
NUST-CAE
_c
M
_c
35706
999
_c
246420
_d
246420